ENHANCE WEBASSIGN THE START SMART GUIDE FOR STUDENTS / (Record no. 617131)

000 -LEADER
fixed length control field 00395nam a22001457a 4500
020 ## - INTERNATIONAL STANDARD BOOK NUMBER
Qualifying information HB.
040 ## - CATALOGING SOURCE
Transcribing agency FIZZA ISHAQ
082 ## - DEWEY DECIMAL CLASSIFICATION NUMBER
Classification number 515
Author Mark JAM
100 ## - MAIN ENTRY--PERSONAL NAME
Personal name STEWART,JAMES.
9 (RLIN) 103056
245 ## - TITLE STATEMENT
Title ENHANCE WEBASSIGN THE START SMART GUIDE FOR STUDENTS /
Statement of responsibility, etc. JAMES STEWART.
250 ## - EDITION STATEMENT
Edition statement 7th ED.
260 ## - PUBLICATION, DISTRIBUTION, ETC.
Place of publication, distribution, etc. NEW YORK ;
Name of publisher, distributor, etc. CENGAGE LEARNING,
Date of publication, distribution, etc. 2003.
300 ## - PHYSICAL DESCRIPTION
Extent 1170 P. ;
Dimensions 10.4X8.5IN
942 ## - ADDED ENTRY ELEMENTS (KOHA)
Source of classification or shelving scheme
Koha item type Book
Holdings
Withdrawn status Lost status Source of classification or shelving scheme Damaged status Not for loan Permanent Location Current Location Shelving location Date acquired Total Checkouts Full call number Barcode Date last seen Price effective from Koha item type
          NUST Baluchistan Campus (NBC) NUST Baluchistan Campus (NBC) Text Books 04/16/2026   515 JAM QD-66 04/16/2026 04/16/2026 Book
© 2023 Central Library, National University of Sciences and Technology. All Rights Reserved.